FIREFIGHTING AND FIRE SAFETY SYSTEMS ON SHIPS (Record no. 27539)
[ view plain ]
| 000 -LEADER | |
|---|---|
| fixed length control field | 02636cam a2200529M 4500 |
| 001 - CONTROL NUMBER | |
| control field | 9781003385523 |
| 003 - CONTROL NUMBER IDENTIFIER | |
| control field | FlBoTFG |
| 005 - DATE AND TIME OF LATEST TRANSACTION | |
| control field | 20240802165557.0 |
| 006 - FIXED-LENGTH DATA ELEMENTS--ADDITIONAL MATERIAL CHARACTERISTICS | |
| fixed length control field | m o d |
| 007 - PHYSICAL DESCRIPTION FIXED FIELD--GENERAL INFORMATION | |
| fixed length control field | cr |n||||||||| |
| 008 - FIXED-LENGTH DATA ELEMENTS--GENERAL INFORMATION | |
| fixed length control field | 230220s2023 xx o 0|| 0 eng d |
| 020 ## - INTERNATIONAL STANDARD BOOK NUMBER | |
| International Standard Book Number | 9781000876048 |
| Qualifying information | (electronic bk.) |
| International Standard Book Number | 1000876047 |
| Qualifying information | (electronic bk.) |
| International Standard Book Number | 9781003385523 |
| Qualifying information | (electronic bk.) |
| International Standard Book Number | 1003385524 |
| Qualifying information | (electronic bk.) |
| International Standard Book Number | 9781000876062 |
| Qualifying information | (electronic bk. : EPUB) |
| International Standard Book Number | 1000876063 |
| Qualifying information | (electronic bk. : EPUB) |
| Canceled/invalid ISBN | 1032473053 |
| Canceled/invalid ISBN | 9781032473055 |
| Canceled/invalid ISBN | 9781032473024 |
| 024 7# - OTHER STANDARD IDENTIFIER | |
| Standard number or code | 10.1201/9781003385523 |
| Source of number or code | doi |
| 035 ## - SYSTEM CONTROL NUMBER | |
| System control number | (OCoLC)1369600294 |
| System control number | (OCoLC-P)1369600294 |
| 040 ## - CATALOGING SOURCE | |
| Original cataloging agency | OCoLC-P |
| Language of cataloging | eng |
| Transcribing agency | OCoLC-P |
| 050 #4 - LIBRARY OF CONGRESS CALL NUMBER | |
| Classification number | VK1258 |
| 072 #7 - SUBJECT CATEGORY CODE | |
| Subject category code | TRA |
| Subject category code subdivision | 006000 |
| Source | bisacsh |
| Subject category code | TEC |
| Subject category code subdivision | 045000 |
| Source | bisacsh |
| Subject category code | KNGS |
| Source | bicssc |
| 082 04 - DEWEY DECIMAL CLASSIFICATION NUMBER | |
| Classification number | 623.8886 |
| Edition number | 23/eng/20230222 |
| 100 1# - MAIN ENTRY--PERSONAL NAME | |
| Personal name | Olsen, Alexander Arnfinn. |
| 245 10 - TITLE STATEMENT | |
| Title | FIREFIGHTING AND FIRE SAFETY SYSTEMS ON SHIPS |
| Medium | [electronic resource]. |
| 260 ## - PUBLICATION, DISTRIBUTION, ETC. | |
| Place of publication, distribution, etc. | [S.l.] : |
| Name of publisher, distributor, etc. | ROUTLEDGE, |
| Date of publication, distribution, etc. | 2023. |
| 300 ## - PHYSICAL DESCRIPTION | |
| Extent | 1 online resource |
| 336 ## - CONTENT TYPE | |
| Content type term | text |
| Content type code | txt |
| Source | rdacontent |
| 337 ## - MEDIA TYPE | |
| Media type term | computer |
| Media type code | c |
| Source | rdamedia |
| 338 ## - CARRIER TYPE | |
| Carrier type term | online resource |
| Carrier type code | cr |
| Source | rdacarrier |
| 520 ## - SUMMARY, ETC. | |
| Summary, etc. | This accessible reference introduces firefighting and fire safety systems on ships and is written in line with the IACS Classification Rules for Firefighting Systems. It covers the design, construction, use and maintenance of firefighting and fire safety systems, with cross references to the American Bureau of Shipping rules and various Classification Society regulations which pertain to specific Classification Society rules. Focuses on basic principles in line with current practice Aimed at non-specialists The book suits professional seafarers, students, and cadets, as well as leisure sailors and professionals involved in the logistics industry. It is also particularly useful for naval architects, ship designers, and engineers who need to interpret the Class rules when developing shipboard firefighting systems. |
| 588 ## - SOURCE OF DESCRIPTION NOTE | |
| Source of description note | OCLC-licensed vendor bibliographic record. |
| 650 #0 - SUBJECT ADDED ENTRY--TOPICAL TERM | |
| Topical term or geographic name entry element | Ships |
| General subdivision | Fires and fire prevention. |
| Topical term or geographic name entry element | Fire extinction. |
| Topical term or geographic name entry element | Fire protection engineering. |
| Topical term or geographic name entry element | TRANSPORTATION / Ships & Shipbuilding / General |
| Source of heading or term | bisacsh |
| Topical term or geographic name entry element | TECHNOLOGY / Fire Science |
| Source of heading or term | bisacsh |
| 856 40 - ELECTRONIC LOCATION AND ACCESS | |
| Materials specified | Taylor & Francis |
| Uniform Resource Identifier | <a href="https://www.taylorfrancis.com/books/9781003385523">https://www.taylorfrancis.com/books/9781003385523</a> |
| Materials specified | OCLC metadata license agreement |
| Uniform Resource Identifier | <a href="http://www.oclc.org/content/dam/oclc/forms/terms/vbrl-201703.pdf">http://www.oclc.org/content/dam/oclc/forms/terms/vbrl-201703.pdf</a> |
| 942 ## - ADDED ENTRY ELEMENTS (KOHA) | |
| Source of classification or shelving scheme | |
| Koha item type | E-Book |
No items available.